Banner

¡Ah mar amargo! / (Record no. 1872)

MARC details
000 -LEADER
campo de control de longitud fija 00927nam a22002177a 4500
003 - IDENTIFICADOR DE NÚMERO DE CONTROL
campo de control OSt
005 - FECHA Y HORA DE LA ÚLTIMA TRANSACCIÓN
campo de control 20240802221308.0
008 - DATOS DE LONGITUD FIJA--INFORMACIÓN GENERAL
campo de control de longitud fija 240802b |||||||| |||| 00| 0 eng d
020 ## - NÚMERO INTERNACIONAL ESTÁNDAR DEL LIBRO
Número Internacional Estándar del Libro 9589172288
040 ## - FUENTE DE CATALOGACIÓN
Centro catalogador/agencia de origen CO-UdeC
Lengua de catalogación esp
Centro/agencia transcriptor CO-UdeC
Centro/agencia modificador CO-UdeC
082 04 - NÚMERO DE LA CLASIFICACIÓN DECIMAL DEWEY
Número de ítem 863
Número de clasificación C355
100 1# - ENTRADA PRINCIPAL--NOMBRE DE PERSONA
Nombre de persona Castro García, Oscar
9 (RLIN) 2671
Fechas asociadas al nombre 1950-
245 14 - MENCIÓN DEL TÍTULO
Título ¡Ah mar amargo! /
Mención de responsabilidad, etc. Oscar Castro García.
260 3# - PUBLICACIÓN, DISTRIBUCIÓN, ETC.
Lugar de publicación, distribución, etc. Medellín :
Nombre del editor, distribuidor, etc. Instituto para el desarrollo de Antioquia-IDEA-,
Fecha de publicación, distribución, etc. 1997.
300 ## - DESCRIPCIÓN FÍSICA
Extensión 149 p. ;
Dimensiones 24 cm.
490 0# - MENCIÓN DE SERIE
Mención de serie Colección autores antioqueños ;
Designación de volumen o secuencia 109.
505 00 - NOTA DE CONTENIDO CON FORMATO
Nota de contenido con formato Santa Marta, febrero de 1991 -- Llegada -- Cita -- Reencuentro -- Caída -- Expulsión -- Asilo -- Castigo -- Santa Marta, 13 de junio de 1990 -- Huida -- Santa Marta, enero de 1993 -- Amenaza -- La playa -- Viaje -- Santa Marta, noviembre de 1994.
650 04 - PUNTO DE ACCESO ADICIONAL DE MATERIA--TÉRMINO DE MATERIA
Término de materia o nombre geográfico como elemento de entrada Autores colombianos
9 (RLIN) 2422
650 04 - PUNTO DE ACCESO ADICIONAL DE MATERIA--TÉRMINO DE MATERIA
Término de materia o nombre geográfico como elemento de entrada Literatura colombiana
9 (RLIN) 269
942 ## - ELEMENTOS DE ENTRADA SECUNDARIOS (KOHA)
Fuente del sistema de clasificación o colocación Clasificación Decimal Dewey
Tipo de ítem Koha Libros
Parte de la signatura que corresponde a la clasificación (Parte de la clasificación) 863 C355
Suprimir en OPAC No
Holdings
Estatus retirado Estado de pérdida Fuente del sistema de clasificación o colocación Estado de daño No para préstamo Colección Biblioteca de origen Biblioteca actual Fecha de adquisición Total de préstamos Signatura topográfica completa Código de barras Visto por última vez Copia número Precio de reemplazo Tipo de ítem Koha
    Clasificación Decimal Dewey     Colección general U DE COLOMBIA - Biblioteca U DE COLOMBIA - Biblioteca 02/08/2024   863 C355 001090 02/08/2024 1 02/08/2024 Libros


Biblioteca Académica Corporación Universitaria U DE COLOMBIA | Teléfono: +(57) (4) 2398080 ext. 1112 | E-mail: biblioteca@udecolombia.edu.co | Dirección: Calle 56 Nº 41 – 147 (Bolivia con Girardot)
Horario de atención: lunes a viernes 8:00 a.m. a 8:00 p.m. - sábados 8:00 a.m. a 4:00 p.m.
Implementado por Grupo EGS.

Powered by Koha